Reed's Naval Architecture for Marine Engineers, Vol. 4 (Record no. 7885)

000 -LEADER
fixed length control field 00407nam a2200157Ia 4500
008 - FIXED-LENGTH DATA ELEMENTS--GENERAL INFORMATION
fixed length control field 200103s9999||||xx |||||||||||||| ||und||
020 ## - INTERNATIONAL STANDARD BOOK NUMBER
International Standard Book Number 0901281395,
082 ## - DEWEY DECIMAL CLASSIFICATION NUMBER
Classification number Column-34
100 ## - MAIN ENTRY--PERSONAL NAME
Personal name Stokoe, E. A.
245 #0 - TITLE STATEMENT
Title Reed's Naval Architecture for Marine Engineers, Vol. 4
250 ## - EDITION STATEMENT
Edition statement Vol. 4
260 ## - PUBLICATION, DISTRIBUTION, ETC. (IMPRINT)
Name of publisher, distributor, etc Thomas Reed Publications Ltd., London
Date of publication, distribution, etc 1977
300 ## - PHYSICAL DESCRIPTION
Extent 379
942 ## - ADDED ENTRY ELEMENTS (KOHA)
Item type Books
Holdings
Withdrawn status Lost status Damaged status Not for loan Shelving location Date acquired Barcode Date last seen Koha item type
          2020-01-08 MPC3090 2025-03-17 Books
Copyright © 2021 Indian Maritime University, Mumbai Port Campus. All Rights Reserved. Managed & Maintained by Central Library, IMU-Mumbai

webs counters

Powered by Koha